Central Library OPAC University of Rajshahi

Ionography: electrophoresis in stabilized media / (Record no. 9493)

MARC details
000 -LEADER
fixed length control field 00945nam a22003011 4500
001 - CONTROL NUMBER
control field 9493
003 - CONTROL NUMBER IDENTIFIER
rucl marc code BD-RjUL
005 - DATE AND TIME OF LATEST TRANSACTION
control field 20211208234804.0
008 - FIXED-LENGTH DATA ELEMENTS--GENERAL INFORMATION
fixed length control field 140121s1955 ilua 00| 0 eng d
035 ## - SYSTEM CONTROL NUMBER
System control number (OCoLC)14674985
System control number (OCoLC)02707607
System control number (BD-RjUL)9538
040 ## - CATALOGING SOURCE
Original cataloging agency NLM
Transcribing agency NLM
Modifying agency GAT
-- MCL
-- BD-RjUL
Language of cataloging eng
041 ## - LANGUAGE CODE
Language code of text/sound track or separate title eng
060 0# - NATIONAL LIBRARY OF MEDICINE CALL NUMBER
Classification number QD 553
Item number M135i 1955
082 00 - DEWEY DECIMAL CLASSIFICATION NUMBER
Classification number 572.58
Author mark and year MCI 1955
090 ## - LOCALLY ASSIGNED LC-TYPE CALL NUMBER (OCLC); LOCAL CALL NUMBER (OCLC)
Classification number (OCLC) (R) ; Classification number, CALL (RLIN) (NR) QD561.M145x 1955
100 1# - MAIN ENTRY--PERSONAL NAME
Personal name McDonald, Hugh J.
Fuller form of name (Hugh Joseph),
Dates associated with a name 1913-
9 (RLIN) 29413
245 10 - TITLE STATEMENT
Title Ionography: electrophoresis in stabilized media /
Statement of responsibility, etc. by Hugh J. McDonald in collaboration with Robert J. Lappe [et al.]
260 ## - PUBLICATION, DISTRIBUTION, ETC. (IMPRINT)
Place of publication, distribution, etc. Chicago:
Name of publisher, distributor, etc. Year Book Publishers.
Date of publication, distribution, etc. [1955]
300 ## - PHYSICAL DESCRIPTION
Pagination x, 268 p.
Illustrations ill.
Size 22.cm.
504 ## - BIBLIOGRAPHY, ETC. NOTE
Bibliography, etc Bibliography: p. 202-244.
650 #0 - SUBJECT ADDED ENTRY--TOPICAL TERM
Topical term or geographic name as entry element Electrophoresis.
9 (RLIN) 29414
Topical term or geographic name as entry element Ions
General subdivision Migration and velocity.
9 (RLIN) 29415
942 ## - ADDED ENTRY ELEMENTS (KOHA)
Source of classification or shelving scheme Dewey Decimal Classification
Koha item type Books
Holdings
Lost status Source of classification or shelving scheme Damaged status Not for loan Collection code Permanent Location Current Location Shelving location Date acquired Source of acquisition Cost, normal purchase price Total Checkouts Full call number Date last seen Copy number Koha item type
  Dewey Decimal Classification   Not For Loan Non-fiction Central Library, University of Rajshahi Central Library, University of Rajshahi Reading Room 19/09/1957 U. P. Ltd.,Dhaka. 39.13   572.58 MCI 1955 21/01/2014 C-1 Books